| 000 | 00690ngm a2200193 i 4500 | ||
|---|---|---|---|
| 001 | bg | ||
| 245 | 0 | 0 |
_aPodkrzesywanie sosny / _cOśrodek Rozwojowo-Wdrożeniowy Lasów Państwowych w Bedoniu. |
| 260 |
_aAndrespol : _bLeśne Studio Filmowe ORWLP w Bedoniu, _c1995. |
||
| 300 |
_a1 kas. wiz. (18 min 40 sek) : _bdźw., kolor. |
||
| 490 | 1 | _vA-9 | |
| 650 | 9 | _aLeśnictwo | |
| 655 | _aDokumenty audiowizualne | ||
| 040 | _cBPK | ||
| 041 | _apol | ||
| 080 | _a630(086.8) | ||
| 942 | _cTW | ||
| 008 | s pl f |000 0 pol | ||
| 999 |
_c35280 _d35280 |
||
| 856 |
_uhttp://koha.tu.koszalin.pl/cgi-bin/koha/opac-detail.pl?biblionumber=35280 _yKatalog online BPK |
||